Вып. 6; Социально-экономический механизм стимулирования труда

Dettagli Bibliografici
Parent link:Социально-экономический механизм стимулирования труда: сборник статей/ Томский государственный университет (ТГУ) ; под ред. В. А. Гага. Вып. 6.— , 1986
Lingua:russo
Pubblicazione: 1986
Soggetti:
Natura: MixedMaterials Libro
KOHA link:https://koha.lib.tpu.ru/cgi-bin/koha/opac-detail.pl?biblionumber=266946

MARC

LEADER 00000nam2a2200000 4500
001 266946
005 20231101234038.0
020 |a RU  |b 88-11320ж 
035 |a (RuTPU)RU\TPU\book\289966 
035 |a RU\TPU\book\242012 
090 |a 266946 
100 |a 20140717d1986 km y0rusy5003 ca 
101 0 |a rus 
102 |a RU 
105 |a y z 000zy 
200 0 |a Вып. 6 
210 |d 1986 
215 |a 190 с. 
461 1 |0 (RuTPU)RU\TPU\book\281565  |t Социально-экономический механизм стимулирования труда  |o сборник статей  |f Томский государственный университет (ТГУ) ; под ред. В. А. Гага  |v Вып. 6  |d 1986  |p 203 с. 
606 1 |a Стимулирование труда  |2 stltpush  |3 (RuTPU)RU\TPU\subj\36980  |9 58161 
610 1 |a экономическое стимулирование 
610 1 |a труд 
610 1 |a материальное стимулирование 
610 1 |a оплата труда 
610 1 |a премии 
610 1 |a социалистическое соревнование 
610 1 |a бригадная организация труда 
610 1 |a научно-технический прогресс 
610 1 |a человеческий фактор 
686 |a У9(2)245  |2 rubbk 
801 0 |a RU  |b 63413507  |c 19950417  |g psbo 
801 1 |a RU  |b 63413507  |c 20120914 
801 2 |a RU  |b 63413507  |c 20151020  |g RCR 
942 |c BK